Loading...
| History - World | 0 | 4 | 1 | 1 | 35 | 86 | 119.50 | 0 | 0 | 0.00 | 0.00 |
| History - Other | 0 | 2 | 0 | 1 | 20 | 136 | 140.00 | 0 | 0 | 0.00 | 0.00 |
| History - European | 0 | 2 | 1 | 1 | 15 | 119 | 128.50 | 0 | 1 | 0.00 | 0.00 |
| Social Science - Law | 0 | 1 | 0 | 1 | 10 | 150 | 150.00 | 0 | 0 | 0.00 | 0.00 |
| Literature - World/Misc poetry | 0 | 1 | 0 | 0 | 10 | 98 | 98.00 | 0 | 0 | 0.00 | 0.00 |
| Current Events/Modern World - United States social | 0 | 1 | 0 | 1 | 10 | 147 | 147.00 | 0 | 0 | 0.00 | 0.00 |
| Current Events/Modern World - Western political | 0 | 1 | 0 | 0 | 10 | 63 | 63.00 | 1 | 1 | 0.00 | 0.00 |
| Science - Biology | 0 | 1 | 0 | 0 | 10 | 121 | 121.00 | 0 | 0 | 0.00 | 0.00 |
| Social Science - Mixed/Any | 0 | 0 | 1 | 0 | -5 | 0.00 | 0 | 0 | 0.00 | 0.00 | |
| Art - Painting/Sculpture | 0 | 0 | 1 | 0 | -5 | 0.00 | 0 | 0 | 0.00 | 0.00 | |
| History - American | 0 | 1 | 3 | 0 | -5 | 99 | 99.00 | 0 | 1 | 0.00 | 0.00 |
| Mythology - Greco/Roman | 0 | 0 | 1 | 0 | -5 | 0.00 | 0 | 0 | 0.00 | 0.00 | |
| Art - Music/Opera | 0 | 0 | 1 | 0 | -5 | 0.00 | 0 | 0 | 0.00 | 0.00 |